000 00458nam a2200169Ia 4500
008 100122s9999 xx 000 0 und d
082 _b77252
_a821
100 _aबालकवी
245 _aनिवडक बालकवी
250 _a1
260 _c2009
300 _a64
630 _aनिवडक बालकवी
700 _aदेशपांडे वामन
730 _aनिवडक बालकवी
942 _cBOOK
999 _c394255
_d394252